| 000 | 00353nam a2200133Ia 4500 | ||
|---|---|---|---|
| 008 | 240624s9999 xx 000 0 und d | ||
| 041 | _aeng | ||
| 082 | _a658.4092 GLA | ||
| 100 | _aGLANGCHAI CRISTAL | ||
| 245 | _aVENTURE GIRLS RAISING GIRLS TO BE TOMORR | ||
| 260 |
_c2018 _aNew York _bHarper Collins |
||
| 300 | _axix, 375 p.; 23 cm. | ||
| 365 |
_c _b30 |
||
| 999 |
_c32091 _d32091 |
||